Metodología para el cálculo de índices de confiabilidad en producción de energía eléctrica
Guardado en:
| Hovedforfatter: | |
|---|---|
| Andre forfattere: | |
| Format: | Bog |
| Sprog: | Spanish |
| Udgivet: |
[San José], Costa Rica
2014
|
| Fag: | |
| Tags: |
Tilføj Tag
Ingen Tags, Vær først til at tagge denne postø!
|
MARC
| LEADER | 00000nam a22000007a 4500 | ||
|---|---|---|---|
| 003 | 012163 | ||
| 005 | 20230824082447.0 | ||
| 008 | 150713b2014 cr a|||| |||| 00| ||spa d | ||
| 040 | |c cru CEDI | ||
| 090 | |a TFG 7328 | ||
| 100 | |9 1189 |a Mason Ortiz, Marva Patricia, 1991- | ||
| 245 | |a Metodología para el cálculo de índices de confiabilidad en producción de energía eléctrica | ||
| 260 | |a [San José], Costa Rica |c 2014 | ||
| 300 | |a xv, 81 páginas : ilustraciones | ||
| 500 | |a Proyecto de graduación (bachillerato en ingeniería eléctrica)-- Universidad de Costa Rica. Facultad de Ingeniería. Escuela de Ingeniería Eléctrica | ||
| 501 | |a Profesor Guía de IE-0499 Proyecto Eléctrico: M.Sc. Leonardo Montealegre Lobo | ||
| 650 | |x DISTRIBUCION DE ENERGIA ELECTRICA |x ENERGIA ELECTRICA - PRODUCCION |x GENERACION DE ENERGIA |9 837 | ||
| 700 | |9 1126 |a Montealegre Lobo, Leonardo, 1983 |d Director de Proyecto Eléctrico | ||
| 942 | |c CEDI | ||
| 999 | |c 13868 |d 13868 | ||
